Devinez ces films mal decrits #2 - Statistiques

Statistiques générales
  • Ce quiz a été pris 169 fois
  • Le résultat moyen est 4 sur 15
Statistiques - réponses
Hint Réponse % Correct
C'est un mec qui veut revoir sa famille et pour ça il a besoin d'une toupie Inception
68%
Y a un fan de chocolat qui court vite et qui est responsable du Watergate Forrest Gump
50%
Un codeur informatique décide de se lancer dans le terrorisme contre les autorités en place en faisant du kung-fu Matrix
44%
Un écrivain dans un lieu isolé cherche à tout prix à avoir le calme Shining
41%
Un homme qui croit avoir un pote mais en fait non Fight Club
40%
C'est des mecs qui sont pas d'accords et qui discutent 12 hommes en colère
31%
En gros Hamlet mais avec des animaux Le roi Lion
21%
C'est un mec qui reçoit un cadeau et comme il est pas content du cadeau il bute le mec qui lui a donné Seven
21%
C'est un mec prêt à tout pour devenir le meilleur dans son domaine et du coup il se fait torturer par un chauve Whiplash
20%
Y a plein de gens qui fabriquent des casseroles et après ils s'enfuient La liste de Schindler
9%
Un homme avec des problèmes de santé se fait soigner par un pedocriminel La ligne verte
4%
Un criminel capture une jeune femme puis un autre criminel le pourchasse puis ils se battent mais enfait ils sont immortels Pirates des Caraibes
4%
Un jeune musicien sort avec une lycéenne et puis la trompe Scott Pilgrim
2%
Apres s'être fait voler la vedette, il tente de tuer celui qui l'a remplacé mais finit par devenir son ami Toy story
2%
C'est 2 mecs gays dans une montagne Broad back mountain
0%
Aucun quiz correspondant
Distribution des résultats
% des personnes avec chaque résultat
Percentile par nombre de réponses
Votre historique - résultats
Vous n’avez pas pris ce quiz